000 00608 a2200205 4500
005 20260225095616.0
008 260224b |||||||| |||| 00| 0 eng d
020 _a9789390016402
_cRs. 800.00
040 _aMAIN
082 _a796.076137046
_bS72F
100 _aSivasankar, S
245 _aFundamentals of yoga education: For education, physical education and yoga students
260 _bSports Publication
_c2025
_aNew Delhi
300 _a120
650 _aYoga- Study and Teaching
650 _aHealth Education
650 _aMeditation
650 _aPhysical Education and Training
942 _cBK
999 _c396211
_d396211